[Event "Rome Elo op 5th"]
[Site "Rome"]
[Date "2009.09.23"]
[Round "2"]
[White "Maggi, Luigi"]
[Black "Tirri, Valerio"]
[Result "1-0"]
[WhiteElo "1889"]
[BlackElo "1694"]
[PlyCount "65"]
[EventDate "2009.09.16"]
[EventType "swiss"]
[EventRounds "5"]
[EventCountry "ITA"]
[SourceTitle "EXT 2012"]
[Source "ChessBase"]
[SourceDate "2011.11.24"]
[SourceVersion "1"]
[SourceVersionDate "2011.11.24"]
[SourceQuality "1"]

1. c4 Nf6 2. Nc3 e6 3. e4 d5 4. e5 Nfd7 5. d4 Bb4 6. Qg4 Kf8 7. a3 Bxc3+ 8. bxc3 c5 9. Bd3 Nc6 10. Ne2 dxc4 11. Bxc4 Qb6 12. Qf4 Na5 13. Ba2 c4 14. 0-0 Qc6 15. Ng3 b5 16. Bb1 Nb6 17. Be4 Nd5 18. Qf3 Bb7 19. Ne2 Nb3 20. Rb1 Nxc1 21. Rfxc1 a6 22. Nf4 Qd7 23. Nxd5 Bxd5 24. Bxd5 exd5 25. a4 Rb8 26. axb5 axb5 27. Rb4 Rb6 28. Rcb1 Ke7 29. Qg3 Rg8 30. Qh4+ Kf8 31. Ra1 Qc6 32. Qd8+ Qe8 33. Qxb6 1-0